Necesidades de creacion de una unidad quirúrgica en la Empresa Social del Estado Hospital Local de Luruaco Atlantico / (Registro nro. 4373)

Detalles MARC
000 -LEADER
fixed length control field 01541nam a2200325 4500
003 - CONTROL NUMBER IDENTIFIER
control field CO-CtgCURN
005 - DATE AND TIME OF LATEST TRANSACTION
control field 20250329165440.0
008 - FIXED-LENGTH DATA ELEMENTS--GENERAL INFORMATION
fixed length control field 160531s1999 000 0 eng d
040 ## - CATALOGING SOURCE
Original cataloging agency CO-CtgCURN
Language of cataloging spa
Transcribing agency coctgcurn
082 0# - DEWEY DECIMAL CLASSIFICATION NUMBER
Classification number INQ 1999
Item number A357
245 00 - TITLE STATEMENT
Title Necesidades de creacion de una unidad quirúrgica en la Empresa Social del Estado Hospital Local de Luruaco Atlantico /
Statement of responsibility, etc. Monica Aldana Pineda ... [et al.] ; asesor, Humberto Doria.
260 ## - PUBLICATION, DISTRIBUTION, ETC.
Place of publication, distribution, etc. Cartagena de Indias :
Name of publisher, distributor, etc. Corporacion Universitaria Rafael Nuñez,
Date of publication, distribution, etc. 1999.
300 ## - PHYSICAL DESCRIPTION
Extent 159 h.
336 ## - CONTENT TYPE
Source rdacontent
337 ## - MEDIA TYPE
Source rdamedia
Media type term sin mediacion
Media type code n
338 ## - CARRIER TYPE
Source rdacarrier
Carrier type term volumen
Carrier type code nc
500 ## - GENERAL NOTE
General note Incluye anexos.
502 ## - DISSERTATION NOTE
Dissertation note Trabajo de grado (Instrumentador Quirurgico). Corporacion Universitaria Rafael Nuñez. Facultad de Ciencias de la Salud. Programa de Instrumentación Quirúrgica, 1999.
504 ## - BIBLIOGRAPHY, ETC. NOTE
Bibliography, etc. note Incluye bibliografia.
590 ## - LOCAL NOTE (RLIN)
Local note Instrumentación Quirúrgica
650 #0 - SUBJECT ADDED ENTRY--TOPICAL TERM
Topical term or geographic name entry element Instrumentación Quirúrgica
Form subdivision Tesis y disertaciones academicas.
700 1# - ADDED ENTRY--PERSONAL NAME
Personal name Aldana Pineda, Monica.
700 1# - ADDED ENTRY--PERSONAL NAME
Personal name Bello Garcia, Eugenio.
700 1# - ADDED ENTRY--PERSONAL NAME
Personal name Florez Zambrano, Sandra.
700 1# - ADDED ENTRY--PERSONAL NAME
Personal name Jimenez Maldonado, Janellys.
700 1# - ADDED ENTRY--PERSONAL NAME
Personal name Doria, Humberto,
Relator term asesor.
856 7# - ELECTRONIC LOCATION AND ACCESS
Uniform Resource Identifier <a href="https://unicurn.sharepoint.com/:b:/s/biblioteca/ETth_sa8PKFOmlvo9vQLB9kBSjAKMMflZ5MTwDqESsYdOQ?e=au29qt">https://unicurn.sharepoint.com/:b:/s/biblioteca/ETth_sa8PKFOmlvo9vQLB9kBSjAKMMflZ5MTwDqESsYdOQ?e=au29qt</a>
Public note Click aqui para ver el recurso en texto completo
942 ## - ADDED ENTRY ELEMENTS (KOHA)
Classification part INQ 1999
Item part A357
Source of classification or shelving scheme Dewey Decimal Classification
Koha item type Trabajos de grado
Existencias
Withdrawn status Lost status Source of classification or shelving scheme Damaged status Not for loan Collection Home library Current library Shelving location Date acquired Cost, normal purchase price Inventory number Total checkouts Full call number Barcode Date last seen Price effective from Koha item type
    Dewey Decimal Classification     Trabajos de grado Miguel Henríquez Emiliani Miguel Henríquez Emiliani Trabajo de grado 03/16/2018 35000.00 019544   INQ 1999 A357 019544 03/16/2018 03/16/2018 Trabajos de grado